path to nowhere - sinners - Statistics

General Stats
  • This quiz has been taken 3 times
  • The average score is 72 of 132
Answer Stats
Group Violence % Correct
Treachery Bai Yi
100%
Anger Demon
100%
Fraud Deren
100%
Violence Hella
100%
Treachery Langley
100%
Pestilence L.L.
100%
Famine Necresta Hella
100%
Violence NInety-Nine
100%
Fraud Shawn
100%
Pestilence 000
67%
Sloth Adela
67%
Pestilence Angell
67%
Love Anne
67%
Love Ariel
67%
War Augustus
67%
Love Cassia
67%
Sloth Cassian
67%
War Ceto
67%
Heresy Chameleon
67%
Limbo Che
67%
Anger Christina
67%
Limbo Coquelic
67%
Violence Corso
67%
Limbo Crache
67%
Immortal Dreya
67%
Sloth Dudu
67%
Greed Eirene
67%
Sloth Eleven
67%
Treachery EMP
67%
Limbo Enfer
67%
Treachery Flora
67%
Death Graves
67%
Love Hamel
67%
Limbo Hecate
67%
Immortal Hestia
67%
Anger Horo
67%
Famine Hypatia
67%
Anger Iron
67%
War Jasmine
67%
Love Jelena
67%
Anger Joan
67%
Heresy Kawa-Kawa
67%
Treachery Kelvin
67%
Violence K.K.
67%
Famine Korryn
67%
Heresy Lamia
67%
Heresy LIsa
67%
Limbo Luvia Ray
67%
Heresy Macchiato
67%
Immortal Mantis
67%
Death Margaret
67%
Sloth Matilda
67%
Treachery McQueen
67%
Heresy Mess
67%
Death Milly
67%
Pestilence Moore
67%
Greed Mr. Fox
67%
Sloth Oak Casket
67%
Sloth OwO
67%
Death Parfait
67%
Greed Pepper
67%
Anger Rahu
67%
Fraud Raven
67%
Treachery Rust
67%
Love Serpent
67%
Sloth Shalom
67%
Immortal Shin
67%
Pestilence Shrooma
67%
Love thistle
67%
Love Uni
67%
Immortal Vanilla
67%
Violence Wendy
67%
Violence Wolverine
67%
Sloth Wuhuanzi
67%
Limbo Yao
67%
Love Yingying
67%
Fraud Yugu
67%
Violence Zoya
67%
Love Ark
33%
Sloth Cabernet
33%
Treachery Cinnabar
33%
Greed Countess Chelsea
33%
Limbo Demolia
33%
Violence Dolly
33%
Treachery Donald
33%
Famine Dove
33%
Fraud Du Ruo
33%
Fraud Echo
33%
Fraud Etti
33%
Limbo Eureka
33%
Love Eve
33%
Sloth Garofano
33%
Love Gekkabijin
33%
Pestilence Golan
33%
Famine Helga
33%
sequester Hilda
33%
Heresy Ignis
33%
Fraud Irrheia
33%
Violence Jane
33%
Sloth Lady Pearl
33%
Fraud Letta
33%
Greed Levy
33%
Sloth Luminita
33%
Sloth Lynn
33%
Violence Lysandra
33%
Famine Mira
33%
Limbo Nino
33%
Limbo NOX
33%
Treachery Oliver
33%
Love Pacassi
33%
Greed Peggy
33%
Pestilence Pine
33%
Sloth Poffy
33%
Greed Pricilla
33%
Immortal Pylgia
33%
Pestilence Rise
33%
Anger Roulecca
33%
Love Rumina
33%
War Siglinde
33%
Heresy Stargazer
33%
Love Sumire
33%
Heresy Summer
33%
Famine Synex
33%
Greed Thalia
33%
Famine Thani
33%
Famine Vautour Bleu
33%
Limbo Victoria
33%
Heresy Yanyan
33%
Love Zephyr
33%
Pestilence Biance
0%
Anger Labryinth
0%
Greed Terta
0%
No matching quizzes found
Score Distribution
Percent of People with Each Score
Percentile by Number Answered
Your Score History
You have not taken this quiz